| 000 | 00950nam a2200253 a 4500 | ||
|---|---|---|---|
| 001 | 000035352 | ||
| 005 | 20250611121345.0 | ||
| 008 | 111027s1964 fr a 000 0 spa d | ||
| 040 |
_aDO-SdBNP _bspa _cBNPHU |
||
| 082 |
_a302 _bD245t |
||
| 245 | 0 | 0 |
_aTraité de psychologie sociale / _cRoger Daval, Francois Bourricaud, Yves Delamotte, Roland Doron. |
| 260 |
_aParis : _bPresses Universitaires de France, _c1964. |
||
| 300 |
_av. : _b20 cm. |
||
| 490 | 1 | _aLogos : introduction aux études philosophiques | |
| 504 | _aBibliografía: v. 2, p. 485-497 | ||
| 590 | _aPerteneció a la biblioteca personal de Juan Isidro Jimenes Grullón. | ||
| 650 | 0 |
_aPsicología social _91574 |
|
| 700 | 1 | 2 |
_aDaval, Roger _961142 |
| 700 | 1 | 2 |
_aBourricaud, Francois _961143 |
| 700 | 1 | 2 |
_aDelamotte, Yves _961144 |
| 700 | 1 | 2 |
_aDoron, Roland _961145 |
| 830 | 0 |
_aLogos : Introduction aux études philosophiques _961146 |
|
| 910 | _aValidado. Control de calidad BNPHU | ||
| 999 |
_c34843 _d34843 |
||